El espíritu santo / (Registro nro. 63115)
[ vista simple ]
| 000 -LEADER | |
|---|---|
| fixed length control field | 01027nam a2200289 a 4500 |
| 001 - CONTROL NUMBER | |
| control field | 63115 |
| 003 - CONTROL NUMBER IDENTIFIER | |
| control field | Mx-PuUPA |
| 005 - DATE AND TIME OF LATEST TRANSACTION | |
| control field | 20250124151309.0 |
| 008 - FIXED-LENGTH DATA ELEMENTS--GENERAL INFORMATION | |
| fixed length control field | 150630s2012 sp r 000 0 spa d |
| 020 ## - INTERNATIONAL STANDARD BOOK NUMBER | |
| International Standard Book Number | 978-84-9715-258-7 |
| 040 ## - CATALOGING SOURCE | |
| Transcribing agency | Mx-PuUPA |
| 082 0# - DEWEY DECIMAL CLASSIFICATION NUMBER | |
| Classification number | 231.3 |
| Item number | BAS |
| 100 0# - MAIN ENTRY--PERSONAL NAME | |
| Personal name | Basil, |
| Titles and words associated with a name | Saint, Bishop of Caesarea, |
| Dates associated with a name | approximately 329-379 |
| 9 (RLIN) | 1195 |
| 245 13 - TITLE STATEMENT | |
| Title | El espíritu santo / |
| Statement of responsibility, etc. | Basilio, Introducción y notas de Giovanna Azzali Bernardelli; traducción del texto griego y notas de Argimirio Velasco Delgado. |
| 264 #1 - PRODUCTION, PUBLICATION, DISTRIBUTION, MANUFACTURE, AND COPYRIGHT NOTICE | |
| Place of production, publication, distribution, manufacture | España : |
| Name of producer, publisher, distributor, manufacturer | Editorial Ciudad Nueva; |
| Date of production, publication, distribution, manufacture, or copyright notice | 2012 |
| 300 ## - PHYSICAL DESCRIPTION | |
| Extent | 273 páginas ; |
| Dimensions | 21 cm. |
| 336 ## - CONTENT TYPE | |
| Content type term | texto |
| Source | rdacontent |
| 337 ## - MEDIA TYPE | |
| Media type term | sin mediación |
| Source | rdamedia |
| 338 ## - CARRIER TYPE | |
| Carrier type term | volumen |
| Source | rdacarrier |
| 490 0# - SERIES STATEMENT | |
| Series statement | Bilioteca de patrística |
| Volume/sequential designation | 32 |
| 650 #4 - SUBJECT ADDED ENTRY--TOPICAL TERM | |
| Topical term or geographic name entry element | Espíritu santo |
| 650 #4 - SUBJECT ADDED ENTRY--TOPICAL TERM | |
| Topical term or geographic name entry element | Filosofía patrística |
| 650 #4 - SUBJECT ADDED ENTRY--TOPICAL TERM | |
| Topical term or geographic name entry element | Filosofía cristiana |
| 700 1# - ADDED ENTRY--PERSONAL NAME | |
| Personal name | Bernardelli, Giovanna Azzali, |
| Relator term | autor de introducción y notas |
| 700 1# - ADDED ENTRY--PERSONAL NAME | |
| Personal name | Velasco Delgado, Argimirio, |
| Relator term | traductor |
| 942 ## - ADDED ENTRY ELEMENTS (KOHA) | |
| Source of classification or shelving scheme | Dewey Decimal Classification |
| Koha item type | Libro |
| Withdrawn status | Lost status | Source of classification or shelving scheme | Damaged status | Not for loan | Collection code | Home library | Current library | Shelving location | Date acquired | Source of acquisition | Inventory number | Total Checkouts | Full call number | Barcode | Date last seen | Date last checked out | Price effective from | Koha item type |
|---|---|---|---|---|---|---|---|---|---|---|---|---|---|---|---|---|---|---|
| Dewey Decimal Classification | General | Biblioteca Karol Wojtyla | Biblioteca Karol Wojtyla | Sala general | 30/06/2015 | Compra | 151000000000000000057012 | 231.3 BAS | 94224 | 23/05/2016 | 23/05/2016 | 28/10/2015 | Libro |